000 00736nam a2200253Ia 4500
003 OSt
005 20221005024239.0
006 a|||||r|||| 00| 0
007 ta
008 221004b |||||||| |||| 00| 0 eng d
024 _a63002
037 _cTextual
040 _aCRL
_cCRL
_beng
041 _2eng
_aeng
082 _aW94.19M, M5
100 _aTiryakian Edward Ed.
_9580340
245 0 _aNew nationalisms of the developed west
_b Toward explanation
260 _aBoston
_bAllen and Unwin
_c1985
300 _a394p
_ccm.
650 _aPOLITICAL SCIENCE
700 _a Rogowski Ronald Ed.
_9450518
942 _hW94.19M, M5
_cTEXL
_2cc
999 _c932553
_d932553